00583nam a2200169Ia 4500008004100000041001200041082001200053100003200065245008700097365000700184520001200191546001200203630008700215650001200302655001200314730008700326101110s9999 xx 000 0 und d aENGLISH bSR22695 aNational Bookstall, Bandra, aEnglish Literature P- VIII (Modern English Literature from 1900 to 1990) -T.Y.B.A. b60 aEnglish aENGLISH aEnglish Literature P- VIII (Modern English Literature from 1900 to 1990) -T.Y.B.A. aEnglish aEnglish aEnglish Literature P- VIII (Modern English Literature from 1900 to 1990) -T.Y.B.A.